MARC

LEADER 00000nam0a2200000 4500
001 162556
005 20231101222330.0
010 |a 9785863881652 
035 |a (RuTPU)RU\TPU\book\176303 
035 |a RU\TPU\book\153861 
090 |a 162556 
100 |a 20090623d2009 m y0rusy50 ca 
101 0 |a rus 
102 |a RU 
105 |a ac z 000gy 
200 1 |a Цветы жизни  |f А. И. Ягушкин 
210 |a Москва  |c Полиграф сервис  |d 2009 
215 |a 492 с.  |c цв. ил. 
316 |5 63413507: 09-4903  |a С автографом автора. На переднем форзаце надпись: "Великому ТПИ-ТПУ. С уважением, Алексей Ягушкин. 28.05.2009 г." 
317 |5 63413507: 09-4903  |a Дар автора 
606 1 |a Русская литература современная  |2 stltpush  |3 (RuTPU)RU\TPU\subj\26373  |9 50316 
610 1 |a Коллекция ТПУ 
610 1 |a стихи 
610 1 |a поэзия 
610 1 |a выпускники ТПУ 
610 1 |a ТПУ 
610 1 |a Томск 
610 1 |a дары автора 
610 1 |a дарственные надписи 
675 |a Р2  |v 3 
700 1 |a Ягушкин  |b А. И.  |c российский энергетик  |c выпускник ТПИ 1958 г.  |g Алексей Иванович  |2 stltpush  |3 (RuTPU)RU\TPU\pers\24446  |9 10801 
801 1 |a RU  |b 63413507  |c 20080828  |g PSBO 
801 2 |a RU  |b 63413507  |c 20210122  |g PSBO 
942 |c BK